Guide to computer forensics and investigations / (Record no. 189507)
[ view plain ]
| 000 -LEADER | |
|---|---|
| fixed length control field | 01320 a2200217 4500 |
| 003 - CONTROL NUMBER IDENTIFIER | |
| control field | Nust |
| 005 - DATE AND TIME OF LATEST TRANSACTION | |
| control field | 20170207153620.0 |
| 010 ## - LIBRARY OF CONGRESS CONTROL NUMBER | |
| LC control number | 2009929885 |
| 020 ## - INTERNATIONAL STANDARD BOOK NUMBER | |
| International Standard Book Number | 1435498836 |
| 040 ## - CATALOGING SOURCE | |
| Transcribing agency | Nust |
| 082 ## - DEWEY DECIMAL CLASSIFICATION NUMBER | |
| Classification number | 005.8 |
| 100 1# - MAIN ENTRY--PERSONAL NAME | |
| Personal name | Philips, Amelia. |
| 245 10 - TITLE STATEMENT | |
| Title | Guide to computer forensics and investigations / |
| Statement of responsibility, etc. | Amelia Philips, Bill Nelson, Chris Steuart. |
| 250 ## - EDITION STATEMENT | |
| Edition statement | 4th Ed. |
| 260 ## - PUBLICATION, DISTRIBUTION, ETC. | |
| Place of publication, distribution, etc. | Boston, MA : |
| Name of publisher, distributor, etc. | Cengage Learning, |
| Date of publication, distribution, etc. | 2009. |
| 300 ## - PHYSICAL DESCRIPTION | |
| Extent | p. cm. |
| 500 ## - GENERAL NOTE | |
| General note | Computer Forensics And Investigation Processes (Page-1),Understanding Computing Investigations (Page-27), The Investigator's Office And Laboratory (Page-71), Data Acquisitions (Page-99), |
| 505 ## - FORMATTED CONTENTS NOTE | |
| Formatted contents note | Processing Crime And Incident Scenes (Page-149), Working With Windows And DOS Systems (Page-197),Current Computer Forensics Tools (Page-259), Macintosh And Linux Boot Processes And File Systems (Page-297), |
| Miscellaneous information | Computer Forensics Analysis (Page-345), Recovering Graphics Files (Page-381), Virtual Machines, Network Forensics, And Live Acquisitions (Page-423), E-Mail Investigations (Page-451), |
| 511 ## - PARTICIPANT OR PERFORMER NOTE | |
| Participant or performer note | Cell Phone And Mobile Device Forensics (Page-495), Report Writing For High-Tech Investigations (Page-515), Expert Testimony In High-Tech Investigations (Page-541), Ethics And High-Tech Investigations (Page-575) |
| 538 ## - SYSTEM DETAILS NOTE | |
| System details note | Almirah No.8 Shelf No.5 |
| 942 ## - ADDED ENTRY ELEMENTS (KOHA) | |
| Source of classification or shelving scheme | |
| Koha item type | Book |
| Withdrawn status | Lost status | Source of classification or shelving scheme | Damaged status | Not for loan | Collection code | Permanent Location | Current Location | Date acquired | Total Checkouts | Full call number | Barcode | Date last seen | Price effective from | Koha item type | Shelving location | Date last checked out | Total Renewals |
|---|---|---|---|---|---|---|---|---|---|---|---|---|---|---|---|---|---|
| Central Library (CL) | Central Library (CL) | 07/25/2019 | 1 | 005.8 NEL | CL-156 | 04/04/2024 | 07/25/2019 | Book | First Floor - Artificial Intelligence/Data Mining | 02/13/2024 | |||||||
| Central Library (CL) | Central Library (CL) | 07/25/2019 | 1 | 005.8 NEL | CL-157 | 05/07/2026 | 07/25/2019 | Book | First Floor - Artificial Intelligence/Data Mining | 03/10/2022 | 2 | ||||||
| Military College of Signals (MCS) | Military College of Signals (MCS) | 12/12/2016 | 005.8 NEL | MCS36812 | 12/08/2016 | 12/12/2016 | Book |
